00562nam a2200169Ia 4500001000900000003000500009008004100014010001100055040000900066100003400075245008000109260005800189300002300247410003600270650003600306710005000342Para_306CHAP220125s1993 xx 000 0 und d a199061 cCHAP aAlmeyda Leon, Isidro Humberto aEl control del arroz rojo en Campeche /c por Isidro Humberto Almeyda Leon aCampeche, Camp. :b INIFAP. Campo Experimental Edzna a1 hoja desplegable adesplegable para productores; 6 aArroz x malas hierbasxcontrol aI. INIFAP. México. Campo Experimental Edzna